| 000 | 01926cam a22004454i 4500 | ||
|---|---|---|---|
| 003 | PE-LiUPU | ||
| 005 | 20250731173131.0 | ||
| 008 | 150623s r 000 0 d | ||
| 020 | _a0816308160 | ||
| 035 | _a(Sirsi) i9780816308163 | ||
| 040 |
_aPE-LiUPU _bspa _cPE-LiUPU _erda |
||
| 049 | _aPRUA | ||
| 082 | 0 | 4 |
_a241.52 _bL55 _221 |
| 245 | 0 | 0 |
_aLyrics of love God's top ten / _cB. Russell Holt ed. |
| 264 | 1 |
_aBoise, Idaho : _bPacific Press Publishing Association, _c1988. |
|
| 300 |
_a92 páginas ; _c20 centímetros |
||
| 336 |
_atext _2rdacontent |
||
| 337 |
_aunmediated _2rdamedia |
||
| 338 |
_avolume _2rdacarrier |
||
| 505 | 0 | _aCan't we live as we please?. Why does God have to be number one?. The first conmandement. Four ways to spot your false Gods. The second commandment. The perils of profanity. The third commandment. Jubilee of the world. The fourth commandment. How good people get over bad parents. The fifth commandment. Raising Cain-the killer in all of us. The sixth commandment. Safe sex. The seventh commandment. Beg, borrow or steal?. The eighth commandment. When the truth is a lie. The ninth commandment. Thought crime. The tenth commandment. | |
| 526 | _aSEG42 | ||
| 526 | _aSEG41 | ||
| 526 | _aSEG40 | ||
| 526 | _aSEG39 | ||
| 526 | _aP94 | ||
| 526 | _aP87 | ||
| 526 | _aP86 | ||
| 526 | _aP85 | ||
| 526 | _aP77 | ||
| 526 | _aP76 | ||
| 526 | _aP35 | ||
| 650 | 0 | 4 |
_aDiez mandamientos. _9925 |
| 700 | 1 |
_aHolt, B. Russell, _eed. |
|
| 942 |
_2ddc _cBOOK |
||
| 949 |
_a241.52 L55 _wDEWEY _c1 _i51607 _lCCODEBUL1 _mBUL _p8.00 _r0 _sY _tBOOK _u2015-6-24 _xTEOLOGIA _PP35 _0COMPRA _o.STAFF. Colección General |
||
| 994 |
_aC0 _bPEPRU |
||
| 596 | _a1 | ||
| 999 |
_a241.52 L55 _wDEWEY _c33340 _i51607 _f2021-11-10 _g5 _lCCODEBUL1 _mBUL _p8.00 _r0 _sY _tBOOK _u2015-6-24 _xTEOLOGIA _PP35 _0COMPRA _o.STAFF. Colección General _d33340 |
||
| 980 |
_81 _gALBERTO SANCHEZ Responsable de Automatización |
||